| 000 | 00000nam##2200000za#4500 |
| 001 | 9.641815 |
| 003 | CaOODSP |
| 005 | 20210624223411 |
| 007 | cr ||||||||||| |
| 008 | 150407|2000||||xxc|||||o f|0| 0 fre|d |
| 040 | |aCaOODSP|bfre |
| 043 | |an-cn--- |
| 086 | 1 |aRH64-28/2000F-PDF |
| 110 | 1 |aCanada.|bDéveloppement des ressources humaines Canada. |bPolitique stratégique. |
| 245 | 10|aAlphabétisation des adultes - politiques, programmes et pratiques : |h[ressource électronique]|bétude bilan - rapport final / |c[par] Évaluation et d'éveloppement des données. |
| 260 | |aOttawa - Ontario : |bDéveloppement des ressources humaines Canada. |cMars 2000. |
| 300 | |a42p.|bréférences |
| 590 | |a13-12-Supp|b2013-05-10 |
| 691 | 07|aAdulte|2gcpds |
| 691 | 07|aAlphabétisation|2gcpds |
| 775 | 08|tAdult literacy - policies, programs and practices : |w(CaOODSP)9.697769 |
| 856 | 40|ahttp://publications.gc.ca|qPDF|s83 Ko|uhttps://publications.gc.ca/collections/collection_2013/rhdcc-hrsdc/RH64-28-2000-fra.pdf |
| 986 | |aSP-AH113F-03-00 |